000 00470pab a2200157 454500
008 180718b1987 xxu||||| |||| 00| 0 eng d
100 _aTaylor, M. Susan
245 _aOrganisation recruitment activities and applicants reaction at different stage of the recruitment process
260 _c1987
300 _a261-85
362 _aSummer
650 _aPersonnel, Public - Recruiting
700 _aThomas J. Bergmann
773 _aPersonnel Psychology
909 _a14915
999 _c14915
_d14915